000 00387nam a2200133Ia 4500
005 20260328101519.0
008 260328s9999||||xx |||||||||||||| ||und||
100 _aVentocilla, Jorge
245 0 _aGamboa :
_b Una guía para su Patrimonio Natural y Cultural /
_cJorge Ventocilla
260 _bPatronato de Panamá Viejo
300 _a177 p.
650 _aARQUITECTURA REGIONAL
942 _cBK
999 _c9510
_d9510